MARC details
| 000 -CABECERA |
| campo de control de longitud fija |
03051nam a2200421 a 4500 |
| 003 - IDENTIFICADOR DEL NÚMERO DE CONTROL |
| campo de control |
CHAP |
| 005 - FECHA Y HORA DE LA ÚLTIMA TRANSACCIÓN |
| campo de control |
20250211103838.0 |
| 007 - CAMPO FIJO DE DESCRIPCIÓN FÍSICA--INFORMACIÓN GENERAL |
| campo de control de longitud fija |
ta |
| 008 - DATOS DE LONGITUD FIJA--INFORMACIÓN GENERAL |
| campo de control de longitud fija |
250210s2014 mx ado|fr|||| 001 0 spa d |
| 040 ## - FUENTE DE LA CATALOGACIÓN |
| Centro catalogador/agencia de origen |
mxchpua |
| Centro/agencia transcriptor |
CHAP |
| Normas de descripción |
rda |
| 041 ## - CÓDIGO DE LENGUA |
| Código de lengua del texto/banda sonora o título independiente |
spa |
| Código de lengua del sumario o resumen |
spa |
| Código de lengua de la tabla de contenido |
spa |
| Código de lengua original |
spa |
| 050 10 - SIGNATURA TOPOGRÁFICA DE LA BIBLIOTECA DEL CONGRESO |
| Número de clasificación |
SB608.A84 |
| Número de documento/Ítem |
.O24 2014 |
| 082 00 - NÚMERO DE LA CLASIFICACIÓN DECIMAL DEWEY |
| Número de edición |
22 |
| Número de clasificación |
634.65391 |
| Número de documento/Ítem |
O24 2014 |
| 100 1# - ENTRADA PRINCIPAL--NOMBRE DE PERSONA |
| Nombre de persona |
Ochoa Ascencio, Salvador |
| 9 (RLIN) |
189625 |
| 245 10 - MENCIÓN DE TÍTULO |
| Título |
Enfermedades y desordenes fisiológicos más comunes del fruto de aguacate en poscosecha : |
| Resto del título |
guía ilustrada para técnicos y empacadores / |
| Mención de responsabilidad, etc. |
Salvador Ochoa Ascencio |
| 250 ## - MENCIÓN DE EDICIÓN |
| Mención de edición |
1a edición |
| 264 ## - PRODUCCIÓN, PUBLICACIÓN, DISTRIBUCIÓN, FABRICACIÓN Y COPYRIGHT |
| Producción, publicación, distribución, fabricación y copyright |
México : |
| Nombre del de productor, editor, distribuidor, fabricante |
APEAM, |
| Fecha de producción, publicación, distribución, fabricación o copyright |
2014 |
| 300 ## - DESCRIPCIÓN FÍSICA |
| Extensión |
92 páginas : |
| Otras características físicas |
gráficas, fotos |
| 336 ## - TIPO DE CONTENIDO |
| Fuente |
rdacontent |
| Término de tipo de contenido |
texto |
| Código de tipo de contenido |
txt |
| 337 ## - TIPO DE MEDIO |
| Fuente |
rdamedia |
| Nombre/término del tipo de medio |
sin medio |
| Código del tipo de medio |
n |
| 338 ## - TIPO DE SOPORTE |
| Fuente |
rdacarrier |
| Nombre/término del tipo de soporte |
volumen |
| Código del tipo de soporte |
nc |
| 504 ## - NOTA DE BIBLIOGRAFÍA, ETC. |
| Nota de bibliografía, etc. |
Bibliografía: páginas 84-91 |
| 505 0# - NOTA DE CONTENIDO CON FORMATO |
| Nota de contenido con formato |
Presentación --<br/>Introducción --<br/>1. Manejo poscosecha del aguacate --<br/>Maduración --<br/>Ablandamiento --<br/>Respiración --<br/>Efecto del etileno --<br/>Índices de madurez --<br/>Cosecha --<br/>Empacado --<br/>Sistemas de almacenamiento --<br/>Refrigeración --<br/>Atmósferas controladas --<br/>2. Enfermedades y desórdenes fisiológicos poscosecha --<br/>Antracnosis --<br/>Pudrición peduncular --<br/>Desórdenes fisiológicos --<br/>Manejo para reducir los desórdenes poscosecha --<br/>3. Guía ilustrada --<br/>Literatura citada |
| 520 2# - SUMARIO, ETC. |
| Sumario, etc. |
Los desórdenes fisiológicos y patológicos más comunes del fruto de aguacate hass en poscosecha son presentados en esta guía. Se describen e ilustran los síntomas y se asocian a sus causas para que puedan fácilmente ser identificados. La fisiología poscosecha del fruto también es abordada, con el próposito de conocer los elementos fundamentales del proceso de maduración del fruto y el conjunto de condiciones ambientales y de manejo que deben ser observadas para asegurar el desarrollo de todos sus atributos de calidad. <br/><br/>Se pretende demostrar que la calidad final del fruto de aguacate es un compromiso que involucra tanto a productores como a empacadores comercializadores, y que el establecimiento de un sistema eficaz de manejo poscosecha debe ser una estrategia de la industria aguacatera de México, para mantener el liderazgo mundial en la producción y exportación de aguacate. |
| 650 13 - PUNTO DE ACCESO ADICIONAL DE MATERIA--TÉRMINO DE MATERIA |
| Término de materia o nombre geográfico como elemento de entrada |
Aguacate |
| Subdivisión general |
Enfermedades postcosecha |
| 9 (RLIN) |
148214 |
| Fuente del encabezamiento o término |
atg |
| 650 13 - PUNTO DE ACCESO ADICIONAL DE MATERIA--TÉRMINO DE MATERIA |
| Término de materia o nombre geográfico como elemento de entrada |
Aguacate |
| Subdivisión general |
Tratamiento postcosecha |
| 9 (RLIN) |
148215 |
| Fuente del encabezamiento o término |
atg |
| 650 13 - PUNTO DE ACCESO ADICIONAL DE MATERIA--TÉRMINO DE MATERIA |
| Término de materia o nombre geográfico como elemento de entrada |
Aguacate |
| Subdivisión general |
Almacenamiento en frío |
| 9 (RLIN) |
163224 |
| Fuente del encabezamiento o término |
atg |
| 650 13 - PUNTO DE ACCESO ADICIONAL DE MATERIA--TÉRMINO DE MATERIA |
| Término de materia o nombre geográfico como elemento de entrada |
Aguacate |
| Subdivisión general |
Almacenamiento poscosecha |
| 9 (RLIN) |
190098 |
| Fuente del encabezamiento o término |
atg |
| 650 13 - PUNTO DE ACCESO ADICIONAL DE MATERIA--TÉRMINO DE MATERIA |
| Término de materia o nombre geográfico como elemento de entrada |
Aguacate |
| Subdivisión general |
Enfermedades y desórdenes de las plantas |
| 9 (RLIN) |
190091 |
| Fuente del encabezamiento o término |
atg |
| 650 13 - PUNTO DE ACCESO ADICIONAL DE MATERIA--TÉRMINO DE MATERIA |
| Término de materia o nombre geográfico como elemento de entrada |
Aguacate |
| Subdivisión general |
Pérdidas postcosecha |
| 9 (RLIN) |
2546 |
| Fuente del encabezamiento o término |
atg |
| 650 13 - PUNTO DE ACCESO ADICIONAL DE MATERIA--TÉRMINO DE MATERIA |
| Término de materia o nombre geográfico como elemento de entrada |
Avocados |
| Subdivisión general |
Postharvest diseases |
| 9 (RLIN) |
148216 |
| Fuente del encabezamiento o término |
atg |
| 650 13 - PUNTO DE ACCESO ADICIONAL DE MATERIA--TÉRMINO DE MATERIA |
| Término de materia o nombre geográfico como elemento de entrada |
Avocados |
| Subdivisión general |
Postharvest treatment |
| 9 (RLIN) |
148217 |
| Fuente del encabezamiento o término |
atg |
| 650 13 - PUNTO DE ACCESO ADICIONAL DE MATERIA--TÉRMINO DE MATERIA |
| Término de materia o nombre geográfico como elemento de entrada |
Avocados |
| Subdivisión general |
Cold storage |
| 9 (RLIN) |
190095 |
| Fuente del encabezamiento o término |
atg |
| 650 13 - PUNTO DE ACCESO ADICIONAL DE MATERIA--TÉRMINO DE MATERIA |
| Término de materia o nombre geográfico como elemento de entrada |
Avocados |
| Subdivisión general |
Postharvest storage |
| 9 (RLIN) |
190099 |
| Fuente del encabezamiento o término |
atg |
| 650 13 - PUNTO DE ACCESO ADICIONAL DE MATERIA--TÉRMINO DE MATERIA |
| Término de materia o nombre geográfico como elemento de entrada |
Avocados |
| Subdivisión general |
Plant diseases and disorders |
| 9 (RLIN) |
190096 |
| Fuente del encabezamiento o término |
atg |
| 650 13 - PUNTO DE ACCESO ADICIONAL DE MATERIA--TÉRMINO DE MATERIA |
| Término de materia o nombre geográfico como elemento de entrada |
Avocados |
| Subdivisión general |
Postharvest losses |
| 9 (RLIN) |
190097 |
| Fuente del encabezamiento o término |
atg |
| 942 ## - ELEMENTOS DE PUNTO DE ACCESO ADICIONAL (KOHA) |
| Fuente del sistema de clasificación o colocación |
Dewey Decimal Classification |
| Tipo de ítem Koha |
Libro |